| 000 | 01306nam a22003737a 4500 | ||
|---|---|---|---|
| 003 | CHAP | ||
| 005 | 20220329141524.0 | ||
| 008 | 971013s1989 r 00010 d | ||
| 010 | _a69524 | ||
| 011 | _a70496 | ||
| 035 | _a79977 | ||
| 040 | _cCHAP | ||
| 090 | _aTesis | ||
| 100 | 0 | 0 |
_aReyes Chávez, Jesús. _996785 |
| 245 | _aRelaciones área siembra-àrea escurrimiento y densidades de siembra para el establecimiento de zacate Buffel Cenchrus ciliaris Linn. bajo condiciones de secano | ||
| 260 |
_aBermejillo, Dgo. : _bEl autor, _c1989 |
||
| 300 | _a71 h. | ||
| 500 | _a34-179 | ||
| 502 | _aTesis (Ing. Agrónomo esp. en Zonas aridas) -- UACH. Departamento de Zonas Aridas | ||
| 590 |
_aALEPH _b10 _c20130110 _lUCH01 _h1408 |
||
| 590 |
_aBATCH-UPD _b10 _c20130110 _lUCH01 _h0256 |
||
| 590 |
_aBATCH-UPD _b10 _c20130110 _lUCH01 _h2038 |
||
| 590 |
_aBATCH-UPD _b10 _c20130410 _lUCH01 _h1353 |
||
| 590 |
_aBATCH-UPD _b10 _c20130914 _lUCH01 _h1126 |
||
| 590 |
_aCONVERSION _b10 _c20130109 _lUCH01 _h1338 |
||
| 650 | 1 | 4 |
_aCultivos de secano. _930373 |
| 650 | 1 | 4 |
_aEscurrimiento. _937675 |
| 650 | 1 | 4 |
_aPastos _xEspaciamiento. _986027 |
| 650 | 1 | 4 |
_aPastos _xRegiones áridas. _986075 |
| 650 | 1 | 4 |
_aZacate Buffel. _9123395 |
| 901 | _aBK | ||
| 942 | _cTESIS | ||
| 949 |
_bBC _cTES _d-32868 _eTS1 _h22439 _i79977 _si |
||
| 999 |
_c69524 _d69524 |
||